Normal view
MARC view
- Watson, Ian,
Entry Nombre Personal
001 - NUMERO DE CONTROL
- campo de control: 39018
003 - IDENTIFICADOR DE NUMERO DE CONTROL
- campo de control: UPN
005 - FECHA Y HORA DE LA ÜLTIMA TRANSACCIÓN
- campo de control: 20210219194541.0
008 - DATOS DE LONGITUD FIJA
- campo de control de longitud fija: nabaccnnaabn|||||||||| b |nc|||||d
035 ## - NUMERO DE CONTROL
- Número de control: UPN11000011125
040 ## - FUENTE DE CATALOGACIÓN
- Lenguaje de catalogación: SPA
- Agencia de transcripción: UPN
053 #4 - NÚMERO DE CLASIFICACIÓN LC
- Número de clasificación elemento-número único o número inicial de tramo: PR1309 S3
- Número de clasificación número de tramo final del elemento: S3
100 1# - ENCABEZAMIENTO - NOMBRE PERSONAL
- Nombre personal: Watson, Ian,
- Fechas asociadas con el nombre: 1943-
670 ## - FUENTE EN LA QUE SE LOCALIZARON DATOS
- Cita de la fuente: LC
680 ## - NOTA PUBLICA DE ACCESO PÚBLICO
- Frase explicativa de la referencia: Escritor de novela de ciencia ficción
902 ## - CATALOGADOR
- Catalogador: BDV/010916
